000 00254 a2200109 4500
001 63325
082 _a623.893KAP
090 _c37369
_d37369
100 _aKaplan,E.D
245 _aUnderstanding GPS Principles and application
260 _bArtech House
942 _aNUST-CAE
_k623.893KAP
999 _c298398
_d298398